| 000 | 02227nam a22004217a 4500 | ||
|---|---|---|---|
| 001 | 15350028 | ||
| 003 | OSt | ||
| 005 | 20210426094148.0 | ||
| 008 | 080626s2010 maua b 001 0 eng | ||
| 010 | _a 2008028736 | ||
| 016 | 7 |
_a101477551 _2DNLM |
|
| 020 | _a9780763754129 (pbk.) | ||
| 020 | _a0763754129 (pbk.) | ||
| 035 | _a(OCoLC)233261121 | ||
| 040 |
_aDNLM/DLC _cDLC _dNLM _dYDXCP _dBTCTA _dBAKER _dC#P _dCDX _dDLC _beng |
||
| 041 | _aeng | ||
| 042 | _apcc | ||
| 043 | _an-us--- | ||
| 050 | 0 | 0 |
_aRT82 _b.F535 2010 |
| 080 |
_a616-08 _bF-54 |
||
| 082 | 0 | 0 |
_a610.7306/9 _222 |
| 100 | 1 | _aFinkelman, Anita Ward. | |
| 245 | 1 | 0 |
_aProfessional nursing concepts : _bcompetencies for quality leadership / _c/ by: Jones and Bartlett Publishers |
| 260 |
_aSudbury, Mass. : _bJones and Bartlett Publishers _cc2010. |
||
| 300 |
_axvii, 564 p. : _bill. ; _c23 cm. |
||
| 504 | _aIncludes bibliographical references and index. | ||
| 505 | 0 | _aThe development of professional nursing : history, the profession, and the nursing education experience -- The essence of nursing : knowledge and caring -- The image of nursing : what it is and how it needs to change -- Nursing education, accreditation, and regulation -- Health policy and political action : critical actions for nurses -- Ethics and legal issues -- Health promotion, disease prevention, and illness : a continuum of care -- The healthcare delivery system : focus on acute care -- Provide patient-centered care -- Work in interdisciplinary teams -- Employ evidence-based practice -- Apply quality improvement -- Utilize informatics -- Critical healthcare issue : why don't we have enough nurses? -- Transformation of nursing practice : roles and issues. | |
| 650 | 0 |
_aNursing _zUnited States. |
|
| 650 | 0 |
_aPatient Care _9285 |
|
| 650 | 1 | 2 |
_aNursing _zUnited States. |
| 650 | 2 | 2 |
_aNurse's Role _zUnited States. |
| 653 | _aპაციენტის მოვლა | ||
| 700 | 1 | _aKenner, Carole. | |
| 856 | 4 | 1 |
_3Table of contents only _uhttp://www.loc.gov/catdir/toc/ecip0822/2008028736.html |
| 906 |
_a7 _bcbc _corignew _d1 _eecip _f20 _gy-gencatlg |
||
| 942 |
_2udc _cBK |
||
| 999 |
_c860 _d860 |
||